| 000 | 00425nam a22001697a 4500 | ||
|---|---|---|---|
| 005 | 20220312122619.0 | ||
| 008 | 220312b ||||| |||| 00| 0 eng d | ||
| 040 |
_aIN-DiNC _cIN-DiNC |
||
| 041 | _deng | ||
| 082 | _a336.2713 | ||
| 100 |
_aTodi B P _eauthor |
||
| 245 |
_aSales taxation in assam _cBy B P Todi |
||
| 250 | _a1st ed. | ||
| 260 |
_aGuwahati _bAshok publishing house _c1995 |
||
| 300 | _a84p. | ||
| 942 |
_2ddc _cBK |
||
| 999 |
_c11271 _d11271 |
||